| 000 -LEADER |
| fixed length control field |
00679nam a22002297a 4500 |
| 001 - CONTROL NUMBER |
| control field |
15264 |
| 003 - CONTROL NUMBER IDENTIFIER |
| control field |
BD-DhUAP |
| 005 - DATE AND TIME OF LATEST TRANSACTION |
| control field |
20200202124301.0 |
| 008 - FIXED-LENGTH DATA ELEMENTS--GENERAL INFORMATION |
| fixed length control field |
200202r20101993ii d 000 0 eng |
| 020 ## - INTERNATIONAL STANDARD BOOK NUMBER |
| International Standard Book Number |
8175341250 |
| 040 ## - CATALOGING SOURCE |
| Original cataloging agency |
DLC |
| Transcribing agency |
DLC |
| Modifying agency |
BD-DhUAP |
| Language of cataloging |
Eng |
| 082 00 - DEWEY DECIMAL CLASSIFICATION NUMBER |
| Edition number |
23 |
| Classification number |
349.4203 OSB |
| 245 10 - TITLE STATEMENT |
| Title |
Osborn's Concise law dictionary / |
| Statement of responsibility, etc. |
Edited by Leslie Rutherford and Sheila Bone. |
| 250 ## - EDITION STATEMENT |
| Edition statement |
8th ed. |
| 260 ## - PUBLICATION, DISTRIBUTION, ETC. |
| Place of publication, distribution, etc. |
Delhi : |
| Name of publisher, distributor, etc. |
Universal Law Pub., |
| Date of publication, distribution, etc. |
1993 [Reprinted 2010]. |
| 300 ## - PHYSICAL DESCRIPTION |
| Extent |
389 pages ; |
| Dimensions |
22 cm. |
| 650 #0 - SUBJECT ADDED ENTRY--TOPICAL TERM |
| Topical term or geographic name entry element |
Law |
| Geographic subdivision |
Great Britain |
| General subdivision |
Dictionaries. |
| 650 #0 - SUBJECT ADDED ENTRY--TOPICAL TERM |
| Topical term or geographic name entry element |
Law |
| General subdivision |
Dictionaries. |
| 700 ## - ADDED ENTRY--PERSONAL NAME |
| Personal name |
Rutherford, Leslie. |
| 700 ## - ADDED ENTRY--PERSONAL NAME |
| Personal name |
Bone, Sheila. |
| 942 ## - ADDED ENTRY ELEMENTS (KOHA) |
| Source of classification or shelving scheme |
|
| Koha item type |
Book |